| 000 | 02015nam a22001937a 4500 | ||
|---|---|---|---|
| 005 | 20260209142321.0 | ||
| 008 | 260127b ||||| |||| 00| 0 eng d | ||
| 040 | _cSSBUL | ||
| 082 |
_223 _bT-44 Ph.D |
||
| 100 |
_aWin Soe _965757 |
||
| 245 |
_aEconomic history of Pakokku Township (1886-1942) / _cWin Soe _hEnglish |
||
| 260 |
_aMandalay: _bUniversity of Mandalay, _c2010. |
||
| 300 |
_axvi, 159 p. , _bIncluded maps, tables, images, _c29 cm. |
||
| 502 | _aIn the colonial period economic system practiced in Pakokku was capitalist economic system imported by the British Imperialist. But most of the businesses of Pakokku were in the hands of Myanmar citizens. The agriculture sector, the main life line of Pakokku economy had also greatly contributed to major businesses. Due to difference of climate, rains and soil, various crops were grown. Later more profitable cash crops such as cotton and groundnuts were favoured. Especially groundnut growing was successful. Second important business was palm-sugar production. In those days palm-farmers were the majority in the villages. Palm-sugar had an important role in Myanmar society. Roads and communication were fairly improved due to some improvements in trade and commerce. In addition to road and water transportation rails were built. As a result of basic trade in Pakokku, Pakokku became more prosperous than the other neighbouring towns in the district. According to the epigraphic evidence, bell-inscription, palm leaf manuscript, Parabaik and wall-paintings in Pakokku, Kings and people set up many pagadas, lake and religious buildings due to surplus wealth. The development of the local business in Pakokku was the main reason for booming of ecomomy. | ||
| 504 | _aIncluded bibliography. | ||
| 505 | _aIntroduction Chapters 1. Agriculture: Cash Crops 2. Agriculture: Toddy palms 3. Transport and communications 4. Trade and commerce Conclusion. | ||
| 650 |
_aEconimic system _zPakokku, Myanmar _xHistory _965758 _y(1886-1942) |
||
| 942 |
_2ddc _cREF |
||
| 999 |
_c47306 _d47306 |
||